| 000 | 00614cam a2200253K 4500 | ||
|---|---|---|---|
| 001 | 7671 | ||
| 003 | BD-RjUL | ||
| 005 | 20211208234444.0 | ||
| 008 | 140115s19501945xx 000 0 eng d | ||
| 035 | _a(OCoLC)ocm00237542 | ||
| 035 | _a(BD-RjUL) | ||
| 035 | _a(NNC)4732355 | ||
| 040 |
_aWSU _cWSU _beng |
||
| 041 | _aeng | ||
| 082 |
_219 _a380.50954 _bPAT 1950 |
||
| 098 | _aLa3 | ||
| 100 | 1 |
_aPant, Devidatt. _923919 |
|
| 245 | 1 | 0 | _aTransport problems of India. |
| 250 | _a[2nd enl. ed] | ||
| 260 |
_bHind Kitabs _c[1950] |
||
| 300 | _a88 p. | ||
| 650 | 0 |
_aTransportation _zIndia. _923920 |
|
| 942 |
_2ddc _cBK |
||
| 999 |
_c7671 _d7671 |
||